LEADER 01485nam a2200229 i 4500 001 000000021886 003 CaOOAMICUS 005 20180830125445.0 008 180830s1972 gw u000 u und u 040 $aSeMil$bita 100 1 $aFischer, Emil <1878- >.$0(OLS)http://semarc/name/9791 245 10$aZur Geschichte der evangelischen Beichte /$cEmil Fischer. 260 $aAalen :$bScientia Verlag,$c1972. 300 $a2 v. ;$c21 cm. 500 $aRipr. facs. dell'ed.: Leipzig : Dieterich, 1902-1903. 650 4$aConfessione dei peccati.$0(OLS)http://semarc/subject/2020 650 4$aConfessione dei peccati - Storia.$0(OLS)http://semarc/subject/3448 773 0 $tStudien zur Geschichte der Theologie und der Kirche.$bNeudruck der Ausgabe : Leipzig 1889-1902.$dAalen : Scientia Verlag, 1972.$w()184 774 0 $aFischer, Emil <1878- >$tKatholische Beichtpraxis bei Beginn der Reformation und Luthers Stellung dazu in den Anfängen seiner Wirksamkeit.$dAalen : Scientia Verlag, 1972.$kStudien zur Geschichte der Theologie und der Kirche$z3-511-04243-7$g1$w()43544 774 0 $aFischer, Emil <1878- >$tNiedergang und Neubelebung des Beichtinstituts in Wittenberg in den Anfängen der Reformation.$dAalen : Scientia Verlag, 1972.$kStudien zur Geschichte der Theologie und der Kirche$z3-511-04248-8$g2$w()181134 996 $6245$aZur Geschichte der evangelischen Beichte$9(OLS)http://semarc/title/29062 996 $6260$aAalen :$bScientia Verlag$9(OLS)http://semarc/publisher/30333 LEADER 00832nab a2200181 i 4500 001 000000277415 003 CaOOAMICUS 005 20120626000000.0 008 120626n xx uu u0 0und r 013 $a27808 040 $aSeMil$bita 100 0 $aAutori Vari.$0(OLS)http://semarc/name/4368 245 10$aFogli sparsi di Avvento e di Natale. - 60 p. - Num. 5265 delle Ed. Carrara. - In copertina :$bCentenario 100, 1912-2012. 500 $aMarzo-Giugno 2012. 700 1 $aGabellieri, Francesco <1981- >.$0(OLS)http://semarc/name/84056 700 1 $aVessia, Gian Nicola.$0(OLS)http://semarc/name/26794 773 0 $t[2012].$dBergamo : Ed. Carrara, copyr. 2012.$w()213135 996 $6245$aFogli sparsi di Avvento e di Natale. - 60 p. - Num. 5265 delle Ed. Carrara. - In copertina :$bCentenario 100, 1912-2012.$9(OLS)http://semarc/title/362285